LEGAL RESEARCH METHODOLOGY (Record no. 10144)

MARC details
000 -LEADER
fixed length control field 00332nam a22001457a 4500
003 - CONTROL NUMBER IDENTIFIER
control field SGT
020 ## - INTERNATIONAL STANDARD BOOK NUMBER
International Standard Book Number 9788189530976
082 ## - DEWEY DECIMAL CLASSIFICATION NUMBER
Classification number 340.072,TIW
100 ## - MAIN ENTRY--PERSONAL NAME
Personal name TIWARI, H. N.
245 ## - TITLE STATEMENT
Title LEGAL RESEARCH METHODOLOGY
260 ## - PUBLICATION, DISTRIBUTION, ETC. (IMPRINT)
Place of publication, distribution, etc HARYANA
Name of publisher, distributor, etc ALLAHABAD
Year of Publication 2014
300 ## - PAGE DESCRIPTION
No. of Pages 318
650 ## - SUBJECT ADDED ENTRY--TOPICAL TERM
Topical term or geographic name as entry element RESEARCH METHODOLOGY
942 ## - ADDED ENTRY ELEMENTS (KOHA)
Source of classification or shelving scheme Dewey Decimal Classification
Koha item type Books
942 ## - ADDED ENTRY ELEMENTS (KOHA)
-- 15
Holdings
Withdrawn status Lost status Source of classification or shelving scheme Damaged status Not for loan Collection code Home library Current library Shelving location Date acquired Cost, normal purchase price SGTU Bill Number Total Checkouts Total Renewals Full call number Accession No. (Barcode) Date last seen Date last borrowed Bill Date Koha item type
    Dewey Decimal Classification     LAW SGT Science & Social Sciences Library SGT Science & Social Sciences Library Text Book 08/12/2016 275.00 SGTU 2002 23 6 340.072,TIW FL1030 15/01/2025 04/01/2025 26/09/2015 Books
    Dewey Decimal Classification   Not For Loan LAW SGT Science & Social Sciences Library SGT Science & Social Sciences Library Reference Book 08/12/2016 275.00 SGTU 2002     340.072,TIW FL1031 08/12/2016   26/09/2015 Books